O sujeito vigiado e o panóptico invertido (notice n° 1605179)

détails MARC
000 -LEADER
fixed length control field 01270cam a2200181 4500500
005 - DATE AND TIME OF LATEST TRANSACTION
control field 20251228094943.0
041 ## - LANGUAGE CODE
Language code of text/sound track or separate title fre
042 ## - AUTHENTICATION CODE
Authentication code dc
100 10 - MAIN ENTRY--PERSONAL NAME
Personal name Romano de Sant’Anna, Affonso
Relator term author
245 00 - TITLE STATEMENT
Title O sujeito vigiado e o panóptico invertido
260 ## - PUBLICATION, DISTRIBUTION, ETC.
Date of publication, distribution, etc. 2012.<br/>
500 ## - GENERAL NOTE
General note 43
520 ## - SUMMARY, ETC.
Summary, etc. Ce texte est une étude sur la situation de l’individu moderne en relation avec le panopticon tel qu’il fut créé par Jeremy Bentham et étudié par Michel Foucault. Il s’agit aussi de la question de la répression, hier et de nos jours, ainsi que des dilemmes de la post-modernité.
520 ## - SUMMARY, ETC.
Summary, etc. This text is a study on the situation of the modern individual in relation with the panopticon, as created by Jeremy Bentham and studied by Michel Foucault. It also examines the question of repression, both prior and in our time, as well as post-modern dilemmas.
520 ## - SUMMARY, ETC.
Summary, etc. Estudo sobre a situação do individuo moderno em relação ao panóptico tal como criado por Jeremy Bentham e estudado por Michel Foucault. A questão da repressão ontem e hoje e dos dilemas da pós-modernidade.
786 0# - DATA SOURCE ENTRY
Note Sigila | 30 | 2 | 2012-10-01 | p. 95-98 | 1286-1715
856 41 - ELECTRONIC LOCATION AND ACCESS
Uniform Resource Identifier <a href="https://shs.cairn.info/revue-sigila-2012-2-page-95?lang=fr&redirect-ssocas=7080">https://shs.cairn.info/revue-sigila-2012-2-page-95?lang=fr&redirect-ssocas=7080</a>

Pas d'exemplaire disponible.

PLUDOC

PLUDOC est la plateforme unique et centralisée de gestion des bibliothèques physiques et numériques de Guinée administré par le CEDUST. Elle est la plus grande base de données de ressources documentaires pour les Étudiants, Enseignants chercheurs et Chercheurs de Guinée.

Adresse

627 919 101/664 919 101

25 boulevard du commerce
Kaloum, Conakry, Guinée

Réseaux sociaux

Powered by Netsen Group @ 2025